000 00639nam a22001937a 4500
005 20251108165458.0
008 250721s1989 xx 000 0 ara d
082 1 4 _aم/398.9109564/فؤا
100 1 _aعباس، فؤاد إبراهيم
245 1 0 _aمعجم الأمثال الشعبية الفلسطينية /
264 1 _aعمان :
_bدار الجليل للنشر و الدراسات و الأبحاث الفلسطينية،
_c1989.
300 _a238ص
650 1 7 _aالأمثال
650 1 7 _aفلسطين
650 1 7 _aالقواميس
700 1 _aشاهين، أحمد عمر
942 _2ddc
_cREF
999 _c28876
_d28876